Anodic oxidation of aluminium and its alloys /

Uložené v:
Podrobná bibliografia
Hlavný autor: Henley, V. F. (Author)
Médium: Kniha
Jazyk:English
Vydané: Oxford New York Toronto : Pergamon Press, 1982.
Vydanie:1st ed.
Edícia:Materials Engineering Practice
ISBN: (viaz.)
Fyzický popis: 170 s.
Tagy: Pridať tag
Žiadne tagy, Buďte prvý kto otaguje tento záznam!

MARC

LEADER 00000nam a22000004a 4500
001 000410083
005 20121113210738.0
008 121113s1982 xxk e 000 0 eng d
020 |a (viaz.)  |c Kčs 800,00 
040 |a SVKKK  |b slo  |c SVKKK  |e AACR2 
041 0 |a eng 
044 |a xxk  |c GB  |a xxu  |c US  |a xxc  |c CA 
100 1 |a Henley, V. F.  |4 aut 
245 1 0 |a Anodic oxidation of aluminium and its alloys /  |c V. F. Henley. 
250 |a 1st ed. 
260 |a Oxford  |a New York  |a Toronto :  |b Pergamon Press,  |c 1982. 
300 |a 170 s. 
490 1 |a Materials Engineering Practice 
830 0 |a Materials Engineering Practice 
910 |a svkkk 
998 |a BK 
090 |g SCKHL  |k Sklad Pribinova prízemie  |a IV.126830  |j 706016  |i B272307  |s Absenčne